| 000 | 00420nam a22001697a 4500 | ||
|---|---|---|---|
| 999 |
_c8827 _d8827 |
||
| 003 | OSt | ||
| 008 | 200711b ||||| |||| 00| 0 eng d | ||
| 020 | _a9387686531 | ||
| 082 | _a574GOP | ||
| 100 | _aGokhale ,S.B & Kalaskar,M.G.and Kulkarni,Y.A. | ||
| 245 | _aPractical book of remedial Biology | ||
| 250 | _a3rd 2019 | ||
| 260 |
_aNew Delhi _bNirali |
||
| 300 | _aB.2 | ||
| 650 | _aBiology and EVS | ||
| 942 |
_2ddc _cBK |
||